000 01167nam a2200265 a 4500
001 000024414
003 DO-SdBNP
005 20260321073641.0
007 ta
008 081117s 2005 dr 001 j spa d
040 _aDO-SdBNP
_bspa
_cBNPHU
082 4 _aBNPHU RD863.44
_bB742c, 2005
100 1 _a Bosch, Juan,
_d1909-2001
_976555
245 1 0 _aCuentos escritos antes del exilio /
_cJuan Bosch.
250 _a17a. ed.
260 _aSanto Domingo :
_bAlfa & Omega,
_c2005.
_g(reimpresión de 2005)
300 _a284 p. :
_bil. ;
_c21 cm.
500 _aSegunda reimpresión de la decimoséptima edición.
505 0 _aLa mujer --
_tDos pesos de agua --
_tLa verdad --
_tPiloncito --
_tEl resguardo --
_tEl cobarde --
_tChucho --
_tLa pulpería --
_tRevolución --
_tEl abuelo --
_tSombras --
_tEl alzado --
_tLa pájara --
_tEl algarrobo --
_tForzados --
_tEl cuchillo --
_tCundito --
_tGuaraguaos --
_tLa sangre --
_tLucero --
_tLo mejor --
_tSan Andrés --
_tLa negación --
_tCamino real.
590 _aInventariado, 2020/MFF
650 1 0 _aCuentos dominicanos
_9176
650 1 0 _aLiteratura dominicana.
_967
910 _aValidado. Control de calidad MMOLINA
942 _2ddc
_cLBS1
999 _c23907
_d23907